| Tag |
First Indicator |
Second Indicator |
Subfields |
| LEADER |
00000cam a2200000 a 4500 |
| 001 |
in00001291676 |
| 005 |
20151004090634.0 |
| 007 |
hd afa014baca |
| 008 |
910726s1988 dcu ab f000 0 eng d |
| 035 |
|
|
|a (OCoLC)24138068
|
| 035 |
|
|
|9 AGZ5530AM
|
| 040 |
|
|
|a UPA
|c UPA
|d UtOrBLW
|
| 043 |
|
|
|a n-us---
|
| 049 |
|
|
|a TXAI
|
| 090 |
|
|
|a JK1108
|b .M35 Suppl. 1988/89 reel 10
|
| 099 |
|
|
|a Film
|a S
|a 1717
|
| 100 |
1 |
|
|a Miles, Barbara L.
|
| 245 |
1 |
0 |
|a Housing finance debates :
|b the "conforming loan" limits of FNMA and FHLMC /
|c by Barbara L. Miles.
|
| 264 |
|
1 |
|a [Washington, D.C.] :
|b Congressional Research Service, Library of Congress,
|c [1988]
|
| 300 |
|
|
|a 5 pages ;
|c 28 cm.
|
| 336 |
|
|
|a text
|b txt
|2 rdacontent
|
| 337 |
|
|
|a microform
|b h
|2 rdamedia
|
| 338 |
|
|
|a microfilm reel
|b hd
|2 rdacarrier
|
| 490 |
1 |
|
|a Issue brief ;
|v IB87094
|
| 500 |
|
|
|a Cover title.
|
| 500 |
|
|
|a "Updated January 27, 1988."
|
| 504 |
|
|
|a Includes bibliographical references.
|
| 533 |
|
|
|a Microfilm.
|b Arlington, Va. :
|c University Publications of America,
|d 1989.
|e on 1 microfilm reel ; 35 mm. Low reduction.
|f (Major studies and issue briefs of the Congressional Research Service. 1988-89 supplement ; reel 10, fr. 0417).
|
| 539 |
|
|
|a s
|b 1989
|d dcu
|e n
|
| 500 |
|
|
|a Microform.
|
| 650 |
|
0 |
|a Mortgage loans
|z United States.
|
| 610 |
2 |
0 |
|a Federal National Mortgage Association.
|
| 610 |
2 |
0 |
|a Federal Home Loan Mortgage Corporation.
|
| 710 |
2 |
|
|a Library of Congress.
|b Congressional Research Service.
|
| 830 |
|
0 |
|a Issue brief (Library of Congress. Congressional Research Service) ;
|v IB87094.
|
| 830 |
|
0 |
|a Major studies and issue briefs of the Congressional Research Service.
|p Supplement ;
|v 1988-89, reel 10, fr. 0417.
|
| 999 |
|
|
|a MARS
|
| 999 |
f |
f |
|s 73fa72c0-c25c-3809-981c-485064a687d0
|i a1d53881-acd1-304d-b36a-24eb4f37b34e
|t 0
|
| 952 |
f |
f |
|p default
|a Texas A&M University
|b College Station
|c Sterling C. Evans Library
|d Evans: Microforms (3rd floor)
|t 0
|e Film S 1707 1988-89, reel 10 fr. 0417
|h Other scheme
|i microform -- microfilm reel
|
| 998 |
f |
f |
|a Film S 1707 1988-89, reel 10 fr. 0417
|t 0
|l Evans: Microforms (3rd floor)
|